| 000 | 01131nab a2200217 i 4500 | ||
|---|---|---|---|
| 001 | 768714001 | ||
| 003 | CO-MdFUSB | ||
| 005 | 20240506115656.0 | ||
| 008 | 240502t1966 sp ||||| |||| 00| 0 spa d | ||
| 040 |
_bspa _cCO-MdFUSB _dCO-MdFUSB |
||
| 041 | _aspa | ||
| 100 | 1 |
_aCongar, Yves, _d1904-1995 _eautor |
|
| 245 |
_aSituación de la pobreza en la vida cristiana en una civilización de bienestar _c/ Yves Congar |
||
| 520 | _aPara abordar la pobreza el autor toma como guía a santo Tomás de Aquino, y adopta un enfoque más realista y racional que prioriza la importancia de ser evangélicos, sensatos y humanos, en lugar de depender de las condiciones económicas. Se distingue grados de pobreza y no puramente cuantitativos y se convierten fácilmente en diferencias cualitativas. | ||
| 650 | 2 |
_aConciencia (Moral) _9927 |
|
| 650 | 7 |
_aPobreza _92466 |
|
| 653 | _aSanto tomas de Aquino | ||
| 773 | 0 |
_049450 _982573 _oR2505 _tRevista internacional de teología Concilium _w(CO-MdFUSB)8 _x0210-1041 _gNúmero 15, (mayo, 1966), páginas: 54 - 79 _qpágina: 54 |
|
| 942 | _cANA | ||
| 945 | _aCatherine Arias Álvarez practicante SENA | ||
| 999 |
_c69494 _d69494 |
||